000 00659nam a2200145 a 4500
008 090720s2008 ||||||||||||||||| || u
050 _aCBU-PG THESIS/NAM
100 _aNambeye, Lukundo
245 1 4 _aThe Impact of different exchange rate systems on the capital account in Zambia
_cSupervised by Prof F. P. Tailoka
260 _aKitwe
_bCopperbelt University, School of Business, Postgrauate Department
_c2008
300 _avii, 76p. :ill.
350 _a0.00
650 _aEXCHANGE RATES--ZAMBIA
995 _D0.00
_FCBU-MAIN LIBRARY (Kitwe)
_H1
_I0.00
_M1
_UAVAILABLE
_WJul 20, 2009
_ZUniversity Collection
999 _c46251
_d46251